Access to Information / (Record no. 624)

MARC details
000 -LEADER
fixed length control field 00502nam a22001697a 4500
005 - DATE AND TIME OF INPUT
control field 20231114104346.0
008 - DATA ELEMENTS--GENERAL INFORMATION
fixed length control field 231114b |||||||| |||| 00| 0 eng d
020 ## - INTERNATIONAL STANDARD BOOK NUMBER
International Standard Book Number 9780409123395
041 ## - LANGUAGE CODE
Language code of text English
082 ## - SHELF NUMBER
DDC number 344.5 ROB
100 ## - MAIN AUTHOR
Main author's name Robinson, RM
Language of a work English
245 ## - TITLE STATEMENT
Title Access to Information /
Statement of responsibility, etc. RM Robinson
260 ## - PUBLICATION, DISTRIBUTION, ETC.
Place of publication, distribution, etc. Durban :
Name of publisher, distributor, etc. LexisNexis (Pty) Ltd,
Date of publication, distribution, etc. 2016
300 ## - PHYSICAL DESCRIPTION
Other physical details xi, 311 pages ;
Dimensions 24, 7 cm.
650 ## - SUBJECT`
Broad subject Legal practice
Own subject terms Law
942 ## - ADDED ENTRY ELEMENTS (KOHA)
Item type Books
942 ## - ADDED ENTRY ELEMENTS (KOHA)
-- ALISON_BN_VRIES
Holdings
Source of classification or shelving scheme Not for loan Collection code Home library Current library Shelving location Date acquired Full call number Barcode Price effective from Koha item type
Dewey Decimal Classification   TEXT BOOKS LAW SOCIETY OF NAMIBIA LIBRARY - WINDHOEK LAW SOCIETY OF NAMIBIA LIBRARY - WINDHOEK Media Law 11/14/2023 344.5 ROB LSN/2016/36 11/14/2023 Books